01668nam a2200373 a 4500001001000000003000500010005001700015008004100032010001100073011001100084040000900095090001000104100004600114245015100160260004100311500006000352502013900412590004100551590004100592590004000633590004000673590004000713590004000753650002200793650004400815650004800859856007000907901000700977942001000984942000600994999001901000952014001019952013501159000108581CHAP20220329144017.0140225s2012 mx sm |||||||spa d a105043 a106015 cCHAP aTesis00aPrado Hernández, Jorge Víctor.99126710aModelación de fluidos aplicada al mejoramiento del uso de agua en la agrícultura de riegoh[En línea]cpor Jorge Víctor Prado Hernández. aChapingo, Méx. :bEl autor,c2012. aPara ver el contenido del material haga clic en la liga aTesis (Ph. D. en Ingeniería Agrícola y uso Integral del Agua) -- UACH. Posgrado en Ingeniería Agrícola y uso Integral de Riego aBATCH-UPDb05c20140324lUCH01h1535 aBATCH-UPDb05c20141002lUCH01h0856 aE5652GLJb05c20140523lUCH01h0916 aE5765TAJb05c20140225lUCH01h1315 aE5765TAJb05c20140225lUCH01h1319 aE5765TAJb05c20140225lUCH01h133714aAgricultura9117214aAgua para irrigaciónxMéxico.9243814aIrrigaciónxModelos matemáticos.960431 aFinding aiduhttp://10.13.5.2/tesis/sist108581.pdfzTeclea aquí aBK cTESIS n0 c105043d105043 00102local4053708TESISaBCbBCcPA_TESISd2014-02-25fTESISl0oTesisp33724002358025r2019-12-31 00:00:00tc.2w2019-12-31yTESIS 00102local4051708TESISaBCbBCcPA_TESISd2014-02-25fTESISl0oTesisp33724002358066r2019-12-31 00:00:00w2014-02-25yTESIS